Spanish Characteristics 2D SP1A - Statistics

General Stats
  • This quiz has been taken 8 times
  • The average score is 9 of 15
Answer Stats
Hint Answer % Correct
good bueno
100%
tall alto
75%
short (height) bajo
75%
ugly feo
75%
fat gordo
75%
bad malo
75%
funny comico
50%
skinny delgado
50%
handsome guapo
50%
brunette moreno
50%
redhead pelirrojo
50%
heavy pesado
50%
blonde rubio
50%
serious serio
50%
thin (dif bottom) flaco
25%
No matching quizzes found
Score Distribution
Percent of People with Each Score
Percentile by Number Answered
Your Score History
You have not taken this quiz